Текст томруулах:    
Privatization in Chile (Бичлэгийн дугаар. 1992)
000 -УДИРДЛАГА
Удирдлага 01112 a2200277 4500
003 - ХЯНАЛТЫН ТОО ТОДОРХОЙЛОГЧ
Код MN-UlNUM
005 - БИЧИЛТ ХИЙСЭН ОГНОО
Тухайн бичилтийг бичсэн засварласан сүүлийн огноо 20260310154514.0
008 - ЕРӨНХИЙ МЭДЭЭЛЭЛ
Ерөнхий мэдээлэл 110605s1993 cau b 001 0 eng
020 ## - ISBN
ISBN 1558152083
-- 1558152083
040 ## - БИЧЛЭГ ҮҮСГЭГЧ БАЙГУУЛЛАГА
Бичлэг үүсгэгч номын сангийн код МУИС-ийн номын сан
084 ## - ББК АНГИЛАЛ
ББК ангилал 65.9(7)
Зохиогчийн гурван тэмдэгт H 12
Нэмэлт тусгалт Нэг сэдэвт бүтээл
Мэдлэгийн ялгаа 65 - Эдийн засаг
100 1# - ЗОХИОГЧ
Зохиогчийн нэр Hachette, Dominique
245 10 - ҮНДСЭН ГАРЧИГ
Номын нэр Privatization in Chile
Бага гарчгийн мэдээ an economic appraisal
Оролцогчдын тухай мэдээ by Dominique Hachette and Rolf Lüders
246 ## - ЗЭРЭГЦЭЭ ГАРЧИГ
Зэрэгцээ гарчиг Privatización en Chile
260 ## - ГАРАЛТЫН МЭДЭЭ
Хэвлэгдсэн газар San Francisco, Calif
Хэвлэлийн газар ICS Press
Хэвлэгдсэн он 1993
300 ## - МАТЕРИАЛЫН ТОДОРХОЙЛОЛТ
хуудасны тоо xiv, 284 p. ;
Хэмжээ 23 cm
500 ## - Тайлбар
Дансны дугаар БС 4437
505 ## - Агуулгын тэмдэглэгээ
Агуулгын тэмдэглэгээ Between 1974 and 1989 Chile underwent a massive and controversial privatization program, transferring some 550 state-owned enterprises to the private sector. The authors present a detailed account of what privatization has really meant for employment levels, efficiency, equity, and other indicators of economic well-being.
546 ## - ХЭЛНИЙ ТУХАЙ МЭДЭЭ
Хэл Англи хэл дээр,
653 ## - Түлхүүр үг
Түлхүүр үг economics
653 ## - Түлхүүр үг
Түлхүүр үг government business
653 ## - Түлхүүр үг
Түлхүүр үг market and sale prices
700 1# - ХАМ ЗОХИОГЧИД
Ба бус Lüders Schwarzenberg, Rolf
942 ## - ЭЛЕМЕНТИЙН ТӨРӨЛ
Зүйлийн төрөл Ном